LEADER 01563nam 2200349 450 001 000034339 005 20160311094025.0 010 $a3-589-00050-3$b(Vol. 1) 100 $a20130204d1974----km-y0itaa50------ba 101 0 $ager 102 $aDE 200 1 $a<>Literatur des Soldatischen Nationalismus der 20er Jahre (1918-1933)$eGruppenideologie und Epochenproblematik$fKarl Prümm 210 $aKronberg Taunus$cScriptor$d1974 215 $aVolumi$d21 cm 225 2 $aTheorie, Kritik, Geschichte$v3/1-3/2 327 1 $aVol. 1.: 1974. - VI, 218 p., 46 p.$aVol. 2.: 1974. - P. 219-445, 47-132 410 0$12001$aTheorie, Kritik, Geschichte$v3/1-3/2 606 1 $aLetteratura tedesca$xCritica 676 $a830.912$v(22. ed.)$9Letteratura tedesca. 1900-1945 700 1$aPrümm,$bKarl$0757846 801 0$aIT$bUniversità della Basilicata - B.I.A.$gRICA$2unimarc 912 $a000034339 996 $aLiteratur des Soldatischen Nationalismus der 20er Jahre (1918-1933)$91529612 997 $aUNIBAS BAS $aLETTERE CAT $aSTD086$b01$c20130204$lBAS01$h1211 CAT $aSTD086$b01$c20130204$lBAS01$h1219 CAT $aTTM$b30$c20160310$lBAS01$h1606 CAT $aTTM$b30$c20160311$lBAS01$h0940 FMT Z30 -1$lBAS01$LBAS01$mBOOK$1BASA1$APolo Storico-Umanistico$2FMAS$BFondo Masini$3FMas/817/4310$6817/4310$5B817/4310$820130204$f02$FPrestabile Generale$hVol. 1 Z30 -1$lBAS01$LBAS01$mBOOK$1BASA1$APolo Storico-Umanistico$2FMAS$BFondo Masini$3FMas/817/4311$6817/4311$5B817/4311$820160311$f02$FPrestabile Generale$hVol. 2